Paesi più vicini alla Guyana - Morte improvvisa - Statistics

Statistiche generali
  • Questo quiz è stato fatto 14 volte
  • Il punteggio medio è 5 su 15
Answers on the Grid
Answers color-coded by a green-red scale on the quiz's grid according to % correct below.
Brasile
Venezuela
Suriname
Trinidad e Tobago
Grenada
Saint Vincent e Grenadine
Barbados
Saint Lucia
Dominica
Antigua e Barbuda
Saint Vincent e Grenadine
Colombia
Perù
Repubblica Dominicana
Bolivia
Haiti
Panama
Costa Rica
Honduras
Guatemala
Belize
El Salvador
Messico
Cuba
Haiti
Stati Uniti
Ecuador
Paraguay
Cile
Argentina
 
Statistiche sulle risposte
Risposta % Corretto
Brasile
77%
Colombia
77%
Suriname
77%
Venezuela
77%
Barbados
38%
Trinidad e Tobago
31%
Dominica
23%
Saint Vincent e Grenadine
23%
Saint Vincent e Grenadine
23%
Bolivia
15%
Antigua e Barbuda
8%
Perù
8%
Saint Lucia
8%
Grenada
0%
Repubblica Dominicana
0%
Nessun quiz corrispondente trovato
Distribuzione punteggi
Percentuale di utenti per punteggio
Percentile per numero di risposta
I tuoi punteggi nel tempo
Non hai fatto questo quiz